Basic electric circuits for engineers / (Record no. 180069)
[ view plain ]
| 000 -LEADER | |
|---|---|
| fixed length control field | 00895 a2200181 4500 |
| 003 - CONTROL NUMBER IDENTIFIER | |
| control field | Nust |
| 005 - DATE AND TIME OF LATEST TRANSACTION | |
| control field | 20221125152002.0 |
| 040 ## - CATALOGING SOURCE | |
| Transcribing agency | Nust |
| 082 ## - DEWEY DECIMAL CLASSIFICATION NUMBER | |
| Classification number | 621.38132,LUE |
| 100 ## - MAIN ENTRY--PERSONAL NAME | |
| Personal name | Russell E. Lueg |
| 9 (RLIN) | 103637 |
| 245 ## - TITLE STATEMENT | |
| Title | Basic electric circuits for engineers / |
| Statement of responsibility, etc. | Russell E. Lueg & Erwin A. Reinhard |
| 260 ## - PUBLICATION, DISTRIBUTION, ETC. | |
| Place of publication, distribution, etc. | Scranton, |
| Name of publisher, distributor, etc. | International Textbook Co. |
| Date of publication, distribution, etc. | 1967 |
| 300 ## - PHYSICAL DESCRIPTION | |
| Extent | xix, 379 p |
| Other physical details | illus. |
| Accompanying material | 24 cm |
| 505 ## - FORMATTED CONTENTS NOTE | |
| Formatted contents note | Basic Concepts (Page-1), Circuit Analysis Techniques (Page-2), Circuit analysis Using Laplace Transforms (Page-85), Steady-State Sinusoidal Circuit Analysis (Page-130), Computer Solutions (Page-182), Other Network Analysis Methods (Page-244), Networks (Page-267), Three-Phase A-C Circuits (Page-305), Coupled Circuits (Page-322), State Variables in Circuits Analysis (Page-340). |
| 600 ## - SUBJECT ADDED ENTRY--PERSONAL NAME | |
| Personal name | Russell E. Lueg |
| 9 (RLIN) | 103638 |
| 650 ## - SUBJECT ADDED ENTRY--TOPICAL TERM | |
| Topical term or geographic name entry element | Telecommunication engineering |
| 942 ## - ADDED ENTRY ELEMENTS (KOHA) | |
| Source of classification or shelving scheme | |
| Koha item type | Book |
| Withdrawn status | Lost status | Source of classification or shelving scheme | Damaged status | Not for loan | Permanent Location | Current Location | Shelving location | Date acquired | Full call number | Barcode | Date last seen | Price effective from | Koha item type | Public note | Total Checkouts |
|---|---|---|---|---|---|---|---|---|---|---|---|---|---|---|---|
| Military College of Signals (MCS) | Military College of Signals (MCS) | General Stacks | 12/12/2016 | 621.38132,LUE | MCS87 | 12/08/2016 | 12/12/2016 | Book | Almirah No.32, Shelf No.4 | ||||||
| Military College of Signals (MCS) | Military College of Signals (MCS) | General Stacks | 11/25/2022 | 621.38132,LUE | MCS5555 | 11/25/2022 | 11/25/2022 | Book | Almirah No.32, Shelf No.4 |
